书目信息 |
| 题名: |
中学历史复习题解
|
|
| 作者: | ;上海市静安区教师进修学院 编 | |
| 分册: | ||
| 出版信息: | 上海 上海市静安区教师进修学院 1980 |
|
| 页数: | 192页 | |
| 开本: | 19cm | |
| 丛书名: | ||
| 单 册: | ||
| 中图分类: | G633.5 | |
| 科图分类: | ||
| 主题词: | 历史课--中学--习题 , 教育--各级 | |
| 电子资源: | ||
| ISBN: | ||
| 000 | 00748nam0 2200229 45 | |
| 001 | 0181008764 | |
| 005 | 20051205151430.37 | |
| 010 | @dCNY0.73 | |
| 100 | @a19950614d1980 demy0chiy0121 ea | |
| 101 | 0 | @achi |
| 102 | @aCN@b310000 | |
| 105 | @ay q 000yy | |
| 200 | 10 | @a中学历史复习题解@Azhong xue li shi fu xi ti jie@f上海市静安区教师进修学院编@Fshang hai shi jing an qu jiao shi jin xiu xue yuan bian |
| 210 | @a上海@c上海市静安区教师进修学院@d1980 | |
| 215 | @a192页@d19cm | |
| 606 | @a历史课@x中学@x习题 | |
| 606 | 0 | @a教育@x各级 |
| 690 | @aG633.5 | |
| 711 | 0 | @a上海市静安区教师进修学院@Ashang hai shi jing an qu jiao shi jin xiu xue yuan@4编 |
| 801 | 0 | @aCN@b上海图书馆@c20051205 |
| 801 | 2 | @aCN@bNLC@c20051201 |
| 905 | @dG633.5@e101 | |
| 中学历史复习题解/上海市静安区教师进修学院编.-上海:上海市静安区教师进修学院,1980 |
| 192页;19cm |
| ISBN :CNY0.73 |
| ● |
| 相关链接 |
|
|
|
|
正题名:中学历史复习题解
索取号:G633.5/101
 
预约/预借
| 序号 | 登录号 | 条形码 | 馆藏地/架位号 | 状态 | 备注 |
| 1 | 0023840 | 202159038 | 密集书库/ [索取号:G633.5/101] | 在馆 | |
| 2 | 0023841 | 202158510 | 密集书库/ [索取号:G633.5/101] | 在馆 |